000 00904cam a22001935a 4500
001 L137738
008 070425s2007 xxk f 000 0 eng d
035 _a(Sirsi) u137738
041 0 _aeng
100 1 _aNegus, Richard
245 0 0 _aPubs, bars and restaurants
_bwhen trading down is affected by your own covenant
260 _c2007
490 0 _aJournal of Retail and Leisure Property
_v6(1) January 2007, 84-91(8)
520 _aDiscusses the problems that can arise when disposing of leases held by tenants of good covenant strength to tenants of weaker financial standing. Considers in particular the restaurant sector where leasehold property is the preferred choice of tenure, and where the failure of new businesses is extremely high.
590 _aKA
651 4 _aUnited Kingdom
_y
690 _aPROPERTY-COMMERCIAL PROPERTY-LEISURE PROPERTY-REFRESHMENT AND CULINARY PROPERTY
942 _n0
999 _c78701
_d78701